| 000 | 00883nam a2200265 a 4500 | ||
|---|---|---|---|
| 999 |
_c2405 _d2405 |
||
| 008 | 200318s2016 ii ad||g m|||a00| 0 eng d | ||
| 040 |
_aKO _beng |
||
| 041 | 0 | _aeng | |
| 044 | _aii | ||
| 082 | 0 | 4 |
_223 _a378.242 _bIRM1512 |
| 100 | 1 |
_aSreethar, R. _eResearcher |
|
| 245 | 3 | 0 |
_aAn Overview of Chennai port Trust , Chennai : _bInternship Report / _cR. Sreethar ; Guide Dr. M. Sekar |
| 260 |
_aKochi : _bIndian Maritime University, _c2016 |
||
| 300 |
_a42 p. : _bill., charts ; _c29 cm. |
||
| 490 | 0 |
_aMBA Internship 2015-17 ; _v1505305012 |
|
| 502 | _aInternship (MBA)–Indian Maritime University. School of Maritime Management, 2016. | ||
| 610 | 2 | 0 | _aChennai port Trust |
| 650 | 0 | _aPort au Port Peninsula (N.L.) | |
| 650 | 0 | _aHarbors | |
| 655 | 7 |
_2lcsh _aDissertations, Academic _y2016 |
|
| 700 | 1 |
_aSekar, M. _cDr. _eGuide |
|
| 904 | _aReshma_R | ||
| 942 | _cTH | ||